PRACTICAL MANUAL OF PHARMACOLOGY AND TOXICOLOGY (Record no. 5825)

MARC details
000 -LEADER
fixed length control field 00479nam a22001697a 4500
005 - DATE AND TIME OF LATEST TRANSACTION
control field 20240108131851.0
008 - FIXED-LENGTH DATA ELEMENTS--GENERAL INFORMATION
fixed length control field 190427b xxu||||| |||| 00| 0 eng d
020 ## - INTERNATIONAL STANDARD BOOK NUMBER
ISBN 978-93-86700-15-5
041 ## - LANGUAGE CODE
Language code of text/sound track or separate title eng
100 ## - MAIN ENTRY--AUTHOR NAME
Personal name GUPTA, DR, G.B.,SHARMA,DR. SHAILESH.,AND SINGH ,HARSIMRAN
245 ## - TITLE STATEMENT
Title PRACTICAL MANUAL OF PHARMACOLOGY AND TOXICOLOGY
250 ## - EDITION STATEMENT
Edition statement 3rd ED, 2019
260 ## - PUBLICATION, DISTRIBUTION, ETC. (IMPRINT)
Place of publication PUNE
Name of publisher NIRALI PRAKASHAN
300 ## - PHYSICAL DESCRIPTION
Number of Pages 1.2p,
650 ## - SUBJECT ADDED ENTRY--TOPICAL TERM
Topical Term PHARMACY
General subdivision B.PHARMA
942 ## - ADDED ENTRY ELEMENTS (KOHA)
Koha item type Text/Reserve Book
Holdings
Lost status Damaged status Collection code Home library Current library Shelving location Date acquired Source of acquisition Cost, normal purchase price Full call number Accession Number Koha item type
    PHARMACY JRU Library JRU Library Shelf - 27- B 27/04/2019 PURCHESS 50.00 615.3 22667 Books
    PHARMACY JRU Library JRU Library Shelf - 27- B 27/04/2019 PURCHESS 50.00 615.3 22668 Books
    Reference JRU Library JRU Library SHELF-4-E 27/04/2019 PURCHESS 50.00   22669 Books
    PHARMACY JRU Library JRU Library Shelf - 27- B 10/02/2022 PURCHASE 55.00 615.3 26288 Books
    PHARMACY JRU Library JRU Library Shelf - 27- B 10/02/2022 PURCHASE 55.00 615.3 26289 Books
    PHARMACY JRU Library JRU Library Shelf - 27- C 10/02/2022 PURCHASE 55.00 615.19 26290 Books
    PHARMACY JRU Library JRU Library Shelf - 27- B 10/02/2022 PURCHASE 55.00 615.3 26291 Books
    PHARMACY JRU Library JRU Library Shelf - 27- B 10/02/2022 PURCHASE 55.00 615.3 26292 Books